| 000 | 00351nam a2200145Ia 4500 | ||
|---|---|---|---|
| 008 | 150201s2012 xx 000 0 und d | ||
| 082 |
_a612 _bH12J |
||
| 100 | _aJAIN, AK. | ||
| 245 | _aHUMAN PHYSIOLOGY AND BIOCHEMISTRY | ||
| 250 | _a1ST | ||
| 260 |
_bARYA PUB. _aDELHI _c2012 |
||
| 300 | _a1-499 | ||
| 650 | _aHUMAN PHYSIOLOGY | ||
| 942 |
_2ddc _cBK _0217 |
||
| 999 |
_c1406 _d1406 |
||